Blues buster

Bibliographic Details
Format: Electronic Journal
Language:English
Published: New York, NY : Sussex Publishers
Subjects:
Online Access:Full text available from Research Library: 12/01/2002 to 04/30/2004

MARC

LEADER 00000nas a22000007a 4500
001 ssj0037110
003 WaSeSS
005 20200512172242.0
006 m d
007 cr n
008 010702d20012004nyumx p s 0 a0eng c
010 |a  2001215125 
022 |l 1535-8364  |y 1535-8364 
035 |a (WaSeSS)ssj0037110 
037 |b Sussex Publishers, Inc., P.O. Box 52021, Boulder, CO 80321-2021  |c $24.95 
040 |a NSDP  |b eng  |c NSDP  |d EbpS  |d OCoLC  |d WaSeSS 
042 |a nsdp  |a pcc 
082 1 0 |a 150  |2 13 
222 0 |a Blues buster 
245 0 0 |a Blues buster  |h [electronic resource]. 
246 3 |a Psychology today's blues buster 
260 |a New York, NY :  |b Sussex Publishers 
310 |a Ten no. a year 
362 1 |a Began in 2001; ceased with May 2004. 
506 |a License restrictions may limit access. 
588 |a Description based on: Vol. 2, no. 7 (July/Aug. 2002); title from caption. 
655 0 |a Electronic journals. 
856 4 0 |z Full text available from Research Library: 12/01/2002 to 04/30/2004  |u https://search.proquest.com/publication/27244